000 00477nmm a2200169Ia 4500
008 251105s9999||||xx |||||||||||||||||und||
020 _a9788427710092
041 _aspa
100 _aQuintana Cabanas, José María
245 0 _aPedagogía familiar
264 _a[Madrid, España] :
_bNarcea Ediciones,
_c1993
300 _a228 páginas
490 _aEducación hoy estudios
650 _aFamily
856 _uhttps://public.digitaliapublishing.com/a/29084
942 _cCF
999 _c80581
_d80581